000 00336nam a2200133Ia 4500
005 20260328104301.0
008 260328s9999||||xx |||||||||||||| ||und||
100 _aMesa, Óscar
245 0 _aOscar Mesa :
_b Arquitectura y Ciudad /
_cÓscar Mesa
260 _bMenhir libros
300 _a67 p.
650 _aARQUITECTOS
942 _cBK
999 _c10604
_d10604